An investigation into the creative behaviour of English language teachers and classroom methodology /
محفوظ في:
| المؤلف الرئيسي: | |
|---|---|
| التنسيق: | أطروحة كتاب |
| اللغة: | English |
| منشور في: |
1998.
|
| الموضوعات: | |
| الوسوم: |
إضافة وسم
لا توجد وسوم, كن أول من يضع وسما على هذه التسجيلة!
|
| LEADER | 01370cam a2200313 a 4500 | ||
|---|---|---|---|
| 001 | u425722 | ||
| 003 | SIRSI | ||
| 008 | 920820s1998 my t 00 10 eng m | ||
| 035 | |a ACF-3177 | ||
| 040 | |a UMB |d UMM | ||
| 090 | |a PB38 |b Jos | ||
| 091 | |a Microfiche 14158 | ||
| 093 | |a PB38 |b Jos | ||
| 100 | 1 | 0 | |a Joseph, Elizabeth Jaya. |
| 245 | 1 | 3 | |a An investigation into the creative behaviour of English language teachers and classroom methodology / |c Elizabeth Jaya Joseph. |
| 260 | |c 1998. | ||
| 300 | |a xvii, 214 leaves [append] : |b ill ; |c 30 cm. | ||
| 500 | |a Microfiche. Kuala Lumpur : University of Malaya Library, 1999. 3 fiches : negative ; 11 x 15 cm. | ||
| 502 | |a Dissertation (M.E.S.L.) -- Fakulti Bahasa dan Linguistik, Universiti Malaya, 1998. | ||
| 504 | |a Bibliography : leaves 195-208. | ||
| 650 | 0 | |a English language |x Study and teaching (Elementary) |z Malaysia. | |
| 650 | 0 | |a Creative thinking. | |
| 650 | 0 | |a Creativity (Linguistics). | |
| 710 | 2 | 0 | |a Universiti Malaya. |b Fakulti Bahasa dan Linguistik. |
| 948 | |a 24/06/1998 |b 06/01/2003 | ||
| 596 | |a 1 6 | ||
| 999 | |a PB38 JOS |w LC |c 1 |i A508301091 |d 22/11/2015 |e 22/11/2015 |l STACKS |m P01UTAMA |n 14 |r Y |s Y |t TESIS |u 23/10/1998 | ||
| 999 | |a PB38 JOS |w LC |c 2 |i A505614446 |d 23/11/2015 |e 23/11/2015 |l STACKS |m P01UTAMA |n 5 |r Y |s Y |t TESIS |u 10/12/1998 | ||
| 999 | |a PB38 JOS |w LC |c 1 |i A503701828 |l STACKS |m P06BAHASA |r Y |s Y |t TESIS |u 17/7/1998 | ||
